Código eléctrico

Saved in:
Bibliographic Details
Format: Book
Language:Spanish
Published: Santiago Publiley 1997
Subjects:
Tags: Add Tag
No Tags, Be the first to tag this record!

MARC

LEADER 00000nam a2200000 a 4500
001 UCT9891
003 CL-VaPUC
008 970412e19970000CL |||||||||||||||||spa|d
082 0 4 |a 340.092  |b COD  |2 21 
245 1 0 |a Código eléctrico 
300 |a 158 p 
942 |c BK 
945 |d 19970412 00:00:00  |a rleighto 
260 |a Santiago  |b Publiley  |c 1997 
650 0 |a Electricidad  |9 260222 
650 7 |a INSTALACIONES ELECTRICAS  |2 CL-VaPUC  |9 262736 
650 0 |a Códigos  |9 352314 
583 |a last modification  |c 19970412 00:00:00  |k Rodrigo Vera 
999 |c 258236  |d 258234 
952 |0 0  |1 0  |4 0  |6 340_092000000000000_COD_1997  |7 0  |8 X  |9 282166  |a BIBING  |b BIBING  |d 2019-11-19  |i 3289176  |o 340.092 COD 1997  |p 3289176  |r 2025-01-20  |w 2019-11-19  |y BK_X  |k EIE